000 00419nam a22001697a 4500
003 CEME
005 20210628204726.0
008 210222b xxu||||| |||| 00| 0 eng d
040 _c.
082 _a621.31 MOH'F
100 _aMohammad, Munir Hasan
_971985
245 _aFundamentals of alternating current
260 _aKARACHI
_bROYAL
_c1995
300 _a235P
650 _a ACC NO-30149
_971986
942 _cBK
_2ddc
999 _c578224
_d578224